| 000 | | | 04908cfm2a2200000#x 450 |
| 001 | | | cfcee942-16ce-4e47-bb49-4ed21f314a60 |
| 005 | | | 20230518160146.0 |
| 100 | ## | $a | 20131009l19141914k y0rusy0189 ca |
| 101 | 0# | $a | rus |
| 102 | ## | $a | RU |
| 251 | ## | $c | Дело |
| 225 | 0# | $a | Фонд Техническо-строительный комитет МВД |
| | $h | Опись № 168 |
| 324 | ## | $a | Графика |
| 801 | #0 | $a | RU |
| | $b | РГИА |
| | $c | 20131009 |
| 801 | #1 | $a | RU |
| | $b | ГлавНИВЦ |
| | $c | 20131009 |
| | $2 | rusmarc |
| 801 | #2 | $a | RU |
| | $b | ПБ им. Б.Н. Ельцина |
| | $c | 20131011 |
| | $g | RCR |
| | $2 | rusmarc |
| 850 | ## | $a | Федеральное казенное учреждение "Российский государственный исторический архив" |
| 852 | ## | $a | РГИА |
| | $j | 8 |
| 937 | ## | $a | ASBIBLIO_SCAN |
| | $b | РГИА_1293:_168:Обл.Войска Донского_8: |
| | $d | 7340774 |
| | $h | РГИА |
| 200 | 1# | $a | Область Войска Донского. План поселка Дмитровского на земле Русско-Донецкого общества |
| | $j | 1914 г. |
| 215 | ## | $a | 2 листа |
| 035 | ## | $a | cfcee942-16ce-4e47-bb49-4ed21f314a60 |
| 122 | 0# | $a | d1914###### |
| 120 | ## | $a | ayy |
| 121 | ## | $a | a aaaa a |
| 123 | 1# | $a | a |
| 124 | ## | $a | a |
| | $b | j |
| 206 | ## | $b | Масштаб 1: 2100 |
| | $b | В одном английском дюйме 100 саженей |
| 300 | ## | $a | Бумага. Тушь, карандаш |
| 461 | #0 | $1 | 001597a3917-b61a-443f-a337-cac2b95e7413 |
| | $1 | 2001 |
| | $a | Техническо-строительный комитет МВД |
| | $1 | 251 |
| | $c | Фонд |
| | $1 | 852 |
| | $j | 1293 |
| 462 | #0 | $1 | 0010d4fe410-9e95-4f0a-9243-84d7f14cc552 |
| | $1 | 2001 |
| | $a | 1776-1917 гг. |
| | $v | Д. 8 |
| | $1 | 251 |
| | $c | Опись |
| | $1 | 852 |
| | $j | 168 |
| 605 | ## | $2 | acquisition_Prlib |
| | $3 | LIBNET\UAF\0000107260 |
| | $a | Донецкая Народная Республика: страницы истории |
| | $l | коллекция |
| 605 | ## | $2 | acquisition_Prlib |
| | $3 | DITM\AF\0000002775 |
| | $a | Власть |
| | $l | коллекция |
| 607 | ## | $2 | prlib_sh |
| | $3 | LIBNET\UAF\0000107287 |
| | $a | Дмитровка, село (Донецкая Народная Республика) |
| | $j | Архивные дела |
| | $x | История |
| 686 | ## | $2 | rubbk |
| | $a | 63.3(2)53ю1 |
| | $v | LBC/M |